[Event "Euro Online U2300 Day 2"]
[Site "chess.com INT"]
[Date "2020.05.26"]
[Round "6"]
[White "Khachatryan, Veronika"]
[Black "Lopez Varela, Pablo"]
[Result "1-0"]
[WhiteElo "1869"]
[BlackElo "2177"]
[WhiteFideId "13310852"]
[BlackFideId "32092105"]
[EventDate "2020.05.26"]

1. d4 Nf6 2. c4 e6 3. Nf3 b6 4. g3 Bb7 5. Bg2 Be7 6. O-O O-O 7. Re1 Na6 8. Nc3
Ne4 9. Nxe4 Bxe4 10. Qa4 Nb4 11. Nd2 Bxg2 12. Kxg2 a6 13. a3 b5 14. Qb3 Nc6 15.
Qc3 bxc4 16. Nxc4 d5 17. Nd2 Qd7 18. Nf3 Bf6 19. Bf4 Rfc8 20. Rac1 Na7 21. Qa5
Nb5 22. Be5 Bd8 23. Qa4 f6 24. Bf4 c6 25. Rc2 Bc7 26. Bxc7 Qxc7 27. Rec1 Qb6 28.
Rc5 Na7 29. b4 Re8 30. Qc2 g6 31. e4 Rad8 32. e5 f5 33. h4 Rf8 34. Qd2 Rd7 35.
Qg5 Rdf7 36. h5 Rg7 37. h6 Rgf7 38. Qf4 Kh8 39. Ng5 Re7 40. Qh4 Qb7 41. Nh3 Nb5
42. Rxc6 Nxa3 43. Rc8 Rf7 44. R1c7 Qxc7 45. Rxc7 Rxc7 46. Ng5 Rc6 47. Qf4 Nc4
48. Nf3 Rb6 49. Qg5 Rb7 50. Ne1 Kg8 51. Nd3 Rbf7 52. Nc5 Re8 53. Nxa6 Na3 54.
Nc5 Nb5 55. Qh4 f4 56. Nxe6 f3+ 57. Kh2 Rxe6 58. Qd8+ Rf8 59. Qxd5 Nc7 60. Qd7
Rf7 61. Qc8+ Re8 62. Qb7 Ne6 63. Qe4 Rc8 64. d5 Ng5 65. Qg4 Rc2 66. Qxg5 Rxf2+
67. Kh3 Rf1 68. Qd8+ Rf8 69. Qe7 Rh1+ 70. Kg4 Rf7 71. Qe8+ Rf8 72. Qe6+ Kh8 73.
d6 f2 74. Qe7 1-0

[Event "Euro Online U2300 Day 2"]
[Site "chess.com INT"]
[Date "2020.05.26"]
[Round "6"]
[White "Gavilan Diaz, Mario"]
[Black "Bashirli, Nail"]
[Result "0-1"]
[WhiteTitle "FM"]
[BlackTitle "IM"]
[WhiteElo "2278"]
[BlackElo "2382"]
[WhiteFideId "2260905"]
[BlackFideId "13406809"]
[EventDate "2020.05.26"]

1. e4 Nf6 2. e5 Nd5 3. d4 d6 4. c4 Nb6 5. exd6 cxd6 6. Nc3 g6 7. Be3 Bg7 8. Rc1
O-O 9. b3 Bf5 10. Be2 d5 11. c5 Nc8 12. f4 Nc6 13. g4 Be4 14. Nf3 e6 15. O-O
N8e7 16. Qd2 Bxf3 17. Bxf3 b6 18. Nb5 bxc5 19. Rxc5 a6 20. Nc3 Na7 21. Be2 Nac8
22. Rc1 Nd6 23. Bd3 Rb8 24. Na4 Nb5 25. Bxb5 axb5 26. Nc3 b4 27. Na4 Nc8 28. Rc6
Nd6 29. Nc5 Ra8 30. Na6 Ne4 31. Qxb4 Qh4 32. Qe1 Qxg4+ 33. Kh1 Qf3+ 34. Kg1 Bh6
35. a4 Bxf4 36. Bxf4 Qxf4 37. R1c2 Ng5 38. Qg3 Qxd4+ 39. Kh1 Ne4 40. Qg1 Qd3 41.
Nb4 Qxb3 42. Na2 Rxa4 43. Nc1 Qf3+ 44. Qg2 Qxg2+ 45. Kxg2 Rfa8 46. Rc7 Ra2 47.
Nxa2 Kg7 48. Rc8 Ra3 49. Nc3 Nd6 50. Rc6 Nf5 51. Kf2 Nd4 52. Ne2 Nxc2 53. Rxc2
h5 54. Rc7 g5 55. h3 Ra2 56. Ke3 Kg6 57. Nd4 Ra3+ 58. Ke2 Rxh3 59. Rc8 Kf6 60.
Rg8 g4 61. Kf2 Ke5 62. Ne2 Rf3+ 63. Kg2 d4 64. Rg5+ Rf5 65. Rg8 h4 66. Rd8 h3+
67. Kg1 Rf3 68. Nxd4 Rg3+ 69. Kf2 Rg2+ 70. Kf1 Ra2 71. Ne2 f5 72. Rh8 Rb2 73.
Rh7 Ke4 74. Rh6 Kf3 75. Nd4+ Kg3 76. Nxe6 h2 77. Nd4 Rb1+ 78. Ke2 h1=Q 79. Rxh1
Rxh1 80. Nxf5+ Kf4 81. Nd4 Ra1 82. Kf2 Ra2+ 83. Ne2+ Kg5 84. Kf1 Kh4 85. Nd4 Kh3
86. Ne2 Rxe2 87. Kxe2 Kh2 88. Kf2 g3+ 0-1

[Event "Euro Online U2300 Day 2"]
[Site "chess.com INT"]
[Date "2020.05.26"]
[Round "6"]
[White "Tobak, Mikhail"]
[Black "Koskela, Niina"]
[Result "1-0"]
[BlackTitle "WGM"]
[WhiteElo "2067"]
[BlackElo "2197"]
[WhiteFideId "14165570"]
[BlackFideId "500755"]
[EventDate "2020.05.26"]

1. e4 e5 2. Nf3 Nc6 3. Nc3 Nf6 4. a3 Be7 5. d4 d6 6. Bc4 O-O 7. O-O Bg4 8. dxe5
Nxe5 9. Be2 Nxf3+ 10. Bxf3 Bxf3 11. Qxf3 Nd7 12. Qe2 Bf6 13. Qc4 Ne5 14. Qb3 b6
15. Nd5 Rc8 16. Qg3 Re8 17. Bd2 Ng6 18. Nxf6+ Qxf6 19. Bc3 Qf4 20. Qxf4 Nxf4 21.
Rfe1 f6 22. g3 Ne6 23. f3 Kf7 24. Kf2 h5 25. Rad1 h4 26. gxh4 Rh8 27. Kg3 Rh6
28. Rd5 Rch8 29. h5 Rxh5 30. Rxh5 Rxh5 31. f4 g5 32. fxg5 Nxg5 33. h4 Ne6 34.
Kg4 Rh6 35. h5 Ng7 36. Rh1 Ke6 37. Bd2 Rh7 38. h6 Ne8 39. Kh5 Kf7 40. Rg1 c6 41.
Bf4 d5 42. exd5 cxd5 43. a4 d4 44. b4 a6 45. b5 axb5 46. axb5 Rh8 47. Rg3 Rh7
48. Rg2 Rh8 49. Rg1 Rh7 50. Ra1 Ng7+ 51. Kg4 Ne6 52. Bd2 Kg6 53. Ra6 Rb7 54. Ra8
f5+ 55. Kg3 Rf7 56. Rb8 f4+ 57. Kf2 Kxh6 58. Rxb6 Rf6 59. Rd6 Kg5 60. b6 Kf5 61.
b7 Rf8 62. Rb6 Rb8 63. Ba5 Nc5 64. Rb5 Rxb7 65. Rxc5+ Ke4 66. Bc7 d3 67. Rc4+
Kd5 68. cxd3 Rb3 69. Ke2 Rb2+ 70. Kd1 f3 71. Bg3 Rg2 72. Bh4 Rh2 73. Rf4 Rh1+
74. Kd2 Rh3 75. Bf2 Ke5 76. Ke3 Kd5 77. Rxf3 Rh2 78. Rf5+ Ke6 79. Ra5 Rh3+ 80.
Kf4 Rh2 81. Kf3 Rh3+ 82. Bg3 Rh1 83. d4 Rf1+ 84. Ke4 Rg1 85. Ra6+ Kd7 86. Be5
Re1+ 87. Kd5 Rb1 88. Ra7+ Ke8 89. Ke6 Rb6+ 90. Bd6 1-0

[Event "Euro Online U2300 Day 2"]
[Site "chess.com INT"]
[Date "2020.05.26"]
[Round "6"]
[White "Jaroch, Pawel"]
[Black "Skliarov, Viktor"]
[Result "1-0"]
[BlackTitle "IM"]
[WhiteElo "2199"]
[BlackElo "2376"]
[WhiteFideId "1124366"]
[BlackFideId "14106736"]
[EventDate "2020.05.26"]

1. d4 Nf6 2. c4 e6 3. g3 c5 4. Nf3 cxd4 5. Nxd4 Nc6 6. Nc3 Qb6 7. Nc2 Bc5 8. e3
h5 9. Bg2 h4 10. O-O hxg3 11. hxg3 a6 12. Na4 Qa7 13. Nxc5 Qxc5 14. b3 a5 15.
Ba3 Nb4 16. Qd2 Qh5 17. Rfc1 Qh2+ 18. Kf1 O-O 19. Nxb4 axb4 20. Bxb4 Re8 21. Bd6
Ra6 22. a4 b6 23. b4 Ra7 24. e4 Bb7 25. Qd4 e5 26. Qxb6 Ra6 27. Qxb7 Rxd6 28.
Rd1 Rde6 29. a5 Ng4 30. Qxd7 Ne3+ 31. fxe3 Rf6+ 32. Qf5 Qxg3 33. a6 Rxf5+ 34.
exf5 e4 35. a7 Qxe3 36. a8=Q Rxa8 37. Rxa8+ Kh7 38. Ra2 Qb3 39. Raa1 Qxc4+ 40.
Kf2 Qc2+ 41. Kg3 Kh6 42. Re1 Kg5 43. Bxe4 Qc3+ 44. Kg2 Qxb4 45. Re2 Qd4 46. Rf1
Kf6 47. Rf3 Qc5 48. Rc2 Qd4 49. Rc6+ Ke5 50. Bd3 Qb2+ 51. Rc2 Qb7 52. f6 gxf6
53. Kg3 Qb8 54. Rf4 Qg8+ 55. Kf3 Qh8 56. Re2+ Kd5 57. Rf2 Qh3+ 58. Ke2 Ke5 59.
Rxf6 Kd4 60. R6f4+ Kc3 61. Rc4+ Kb3 62. Rf3 Qg2+ 63. Ke3 Qg1+ 64. Ke4 Qg6+ 65.
Kf4 Qd6+ 66. Kg4 Kb2 67. Rc2+ Kb3 68. Bf5+ Kb4 69. Rf4+ Kb3 70. Rf1 Qd4+ 71. Rf4
Qg1+ 72. Kh5 f6 73. Rg4 Qh1+ 74. Kg6 Qa1 75. Rg3+ Kb4 76. Rg4+ Kb3 77. Rd2 Qe5
78. Rd3+ Kb2 79. Rg2+ Kc1 80. Rg1+ Kb2 81. Rd2+ Kc3 82. Rc2+ Kb3 83. Rb1+ Ka3
84. Rc8 Qg3+ 85. Kf7 Qf3 86. Rcb8 Ka2 87. R8b2+ Ka3 88. Rb7 Ka2 89. Be6+ Ka3 90.
Ra1# 1-0

[Event "Euro Online U2300 Day 2"]
[Site "chess.com INT"]
[Date "2020.05.26"]
[Round "6"]
[White "Vashchilov, Sergey"]
[Black "Pankratov, Oleg"]
[Result "1-0"]
[WhiteElo "2176"]
[BlackElo "2104"]
[WhiteFideId "13506676"]
[BlackFideId "24115290"]
[EventDate "2020.05.26"]

1. e4 g6 2. d4 Bg7 3. Nc3 d6 4. Nge2 Nf6 5. g3 O-O 6. Bg2 e5 7. O-O Nc6 8. d5
Ne7 9. h3 c6 10. Be3 cxd5 11. Nxd5 Nfxd5 12. exd5 Qc7 13. a4 Bd7 14. b3 f5 15.
Bg5 Rf7 16. Rc1 h6 17. Bd2 Kh7 18. c4 a5 19. f4 Re8 20. Kh2 Ng8 21. Bc3 Rfe7 22.
Qd2 b6 23. fxe5 Bxe5 24. Nd4 h5 25. h4 Nf6 26. Bf3 Qd8 27. Kg2 Ng4 28. Bxg4 hxg4
29. h5 Rg7 30. Rh1 g5 31. Qd3 Rf7 32. Rhf1 Qf6 33. Rf2 Kh6 34. Rcf1 Ref8 35.
Nxf5+ Bxf5 36. Rxf5 Qxf5 37. Rxf5 Rxf5 38. Bxe5 dxe5 39. d6 e4 40. Qd4 R5f7 41.
d7 Rd8 42. Qxe4 Kxh5 43. Qe5 Rdxd7 44. Qh8+ Rh7 45. Qe8+ Rhf7 46. Qh8+ Kg6 47.
Qg8+ Kf5 48. Qb8 Rf6 49. Qc8 Rd6 50. Qf8+ Ke5 51. Qe8+ Kd4 52. Qh8+ Kd3 53. Qe5
Kc2 54. Qe4+ Kc3 55. Qxg4 Kxb3 56. Qxg5 Rd2+ 57. Kh3 Rh7+ 58. Kg4 Rd4+ 59. Kf3
Rhd7 60. Qb5+ Kc3 61. Qxb6 Rd3+ 62. Kf4 R3d4+ 63. Kf3 Rd3+ 64. Kf4 R3d4+ 65. Ke5
Kxc4 66. Qb5+ Kc3 67. Qxa5+ Kc2 68. Qb5 Rd3 69. Qc4+ Kd2 70. Qb4+ Ke2 71. Qc4
Re7+ 72. Kf4 Re3 73. a5 Rf3+ 74. Ke4 Rxg3 75. Kf4 Rf3+ 76. Kg4 Re3 77. a6 Rg3+
78. Kf4 Re3 79. a7 Rf3+ 80. Kg4 Rh3 81. Qe4+ Rde3 82. Qg2+ Kd3 83. Qxh3 Rxh3 84.
Kxh3 1-0

[Event "Euro Online U2300 Day 2"]
[Site "chess.com INT"]
[Date "2020.05.26"]
[Round "7"]
[White "Nalbant, Tuna Onat"]
[Black "Jaroch, Pawel"]
[Result "1/2-1/2"]
[WhiteTitle "IM"]
[WhiteElo "2372"]
[BlackElo "2199"]
[WhiteFideId "6372821"]
[BlackFideId "1124366"]
[EventDate "2020.05.26"]

1. Nf3 Nf6 2. g3 g6 3. Bg2 Bg7 4. O-O O-O 5. d3 c5 6. Nbd2 d5 7. e4 Nc6 8. e5
Ng4 9. Nb3 b6 10. d4 cxd4 11. Nfxd4 Ngxe5 12. Nxc6 Nxc6 13. Qxd5 Qxd5 14. Bxd5
Bb7 15. c3 1/2-1/2

[Event "Euro Online U2300 Day 2"]
[Site "chess.com INT"]
[Date "2020.05.26"]
[Round "7"]
[White "Svane, Frederik"]
[Black "Caglar, Ahmet Ata"]
[Result "1/2-1/2"]
[WhiteElo "2421"]
[BlackElo "2077"]
[WhiteFideId "12923044"]
[BlackFideId "6328636"]
[EventDate "2020.05.26"]

1. e4 c5 2. Nf3 Nc6 3. Bb5 g6 4. O-O Bg7 5. d3 Nf6 6. Bxc6 bxc6 7. Nc3 O-O 8. h3
d6 9. e5 Nd5 10. exd6 Nxc3 11. dxe7 Qxe7 12. bxc3 Bxc3 13. Rb1 Be6 14. Bb2 1/2-1/2

[Event "Euro Online U2300 Day 2"]
[Site "chess.com INT"]
[Date "2020.05.26"]
[Round "7"]
[White "Usmanov, Ilnur"]
[Black "Klimkowski, Jan"]
[Result "1/2-1/2"]
[WhiteElo "2147"]
[BlackElo "2193"]
[WhiteFideId "4111303"]
[BlackFideId "21856222"]
[EventDate "2020.05.26"]

1. c4 Nf6 2. Nc3 g6 3. g3 Bg7 4. Bg2 O-O 5. d4 d6 6. e3 Nc6 7. Nge2 Bf5 8. O-O
Qd7 9. b3 Bh3 10. Bb2 Bxg2 11. Kxg2 e5 12. Nd5 Rfe8 13. Nxf6+ Bxf6 14. Qd2 exd4
15. Nxd4 Nxd4 16. Bxd4 Qf5 17. Bxf6 Qxf6 18. Rad1 Qe5 19. Qd5 Qe4+ 20. Qxe4 Rxe4
21. Rd5 b6 1/2-1/2

[Event "Euro Online U2300 Day 2"]
[Site "chess.com INT"]
[Date "2020.05.26"]
[Round "7"]
[White "Guliev, Logman"]
[Black "Ruperez Benito, Antonio"]
[Result "1/2-1/2"]
[WhiteTitle "IM"]
[BlackTitle "FM"]
[WhiteElo "2273"]
[BlackElo "2356"]
[WhiteFideId "13400061"]
[BlackFideId "22245049"]
[EventDate "2020.05.26"]

1. e4 e6 2. d4 d5 3. Nc3 Bb4 4. e5 c5 5. a3 Bxc3+ 6. bxc3 Qa5 7. Bd2 Qa4 8. Nf3
Nc6 9. dxc5 Qe4+ 10. Be2 Nxe5 11. O-O Ne7 12. Nxe5 Qxe5 13. Re1 O-O 14. Bd3 Qc7
15. Qh5 Ng6 16. c4 dxc4 17. Bxc4 Bd7 18. Bc3 Rac8 19. Bd3 b6 20. Re5 f5 21. Ree1 1/2-1/2

[Event "Euro Online U2300 Day 2"]
[Site "chess.com INT"]
[Date "2020.05.26"]
[Round "7"]
[White "Hakobyan, Hakob V."]
[Black "Willow, Jonah B"]
[Result "0-1"]
[BlackTitle "FM"]
[WhiteElo "2070"]
[BlackElo "2386"]
[WhiteFideId "13308807"]
[BlackFideId "438804"]
[EventDate "2020.05.26"]

1. Nf3 c5 2. c4 Nc6 3. Nc3 g6 4. d4 cxd4 5. Nxd4 Bg7 6. Nc2 Nf6 7. g3 O-O 8. Bg2
d6 9. O-O Be6 10. b3 a6 11. Bb2 Qa5 12. Ne3 Rac8 13. a3 b5 14. b4 Qb6 15. Ned5
Bxd5 16. cxd5 Ne5 17. Qb3 Nc4 18. Rac1 Nd2 19. Qd1 Nxf1 20. Kxf1 Nd7 21. a4 bxa4
22. Qxa4 Ne5 23. Ba1 Rc7 24. Rd1 Ng4 25. Ne4 Bxa1 26. Qxa1 f5 27. h3 fxe4 0-1

[Event "Euro Online U2300 Day 2"]
[Site "chess.com INT"]
[Date "2020.05.26"]
[Round "7"]
[White "Bashirli, Nail"]
[Black "Randazzo, Adrian"]
[Result "1-0"]
[WhiteTitle "IM"]
[BlackTitle "FM"]
[WhiteElo "2382"]
[BlackElo "2293"]
[WhiteFideId "13406809"]
[BlackFideId "114251"]
[EventDate "2020.05.26"]

1. e4 c5 2. Nf3 d6 3. Nc3 a6 4. d4 cxd4 5. Nxd4 Nf6 6. Bc4 e6 7. Bb3 b5 8. Bg5
Be7 9. Qe2 Qb6 10. O-O-O O-O 11. f4 b4 12. Na4 Qc7 13. e5 Ne8 14. Bxe7 Qxe7 15.
Nb6 Bb7 16. Nxa8 Bxa8 17. f5 exf5 18. exd6 Qxd6 19. Ne6 Qe7 20. Rhe1 fxe6 21.
Qxe6+ Qxe6 22. Rxe6 Kh8 23. Rd8 Bc6 24. Rxb8 h6 25. Rxc6 Kh7 26. Rcc8 1-0

[Event "Euro Online U2300 Day 2"]
[Site "chess.com INT"]
[Date "2020.05.26"]
[Round "7"]
[White "Gallasch, Jonas"]
[Black "Kiremitciyan, Ari"]
[Result "0-1"]
[BlackTitle "FM"]
[WhiteElo "2090"]
[BlackElo "2281"]
[WhiteFideId "16222474"]
[BlackFideId "6373445"]
[EventDate "2020.05.26"]

1. d4 Nf6 2. c4 e6 3. Nf3 b6 4. g3 Bb7 5. Bg2 Be7 6. O-O O-O 7. d5 exd5 8. Nh4
c6 9. cxd5 Nxd5 10. Nf5 Nc7 11. e4 d5 12. e5 Bc8 13. Qf3 Bxf5 14. Qxf5 Qc8 15.
Qh5 Nd7 16. f4 g6 17. Qh6 f6 18. e6 Nxe6 19. Re1 Bc5+ 20. Kh1 Ng7 21. Bh3 f5 22.
Bd2 Nf6 23. Nc3 Qc7 24. b4 Bd6 25. Rac1 Rae8 26. Nb5 Qd7 27. Nxd6 Qxd6 28. Bc3
d4 29. Bd2 Ne4 30. Re2 Nxg3+ 31. hxg3 Rxe2 0-1

[Event "Euro Online U2300 Day 2"]
[Site "chess.com INT"]
[Date "2020.05.26"]
[Round "7"]
[White "Jakubowska, Anna"]
[Black "Boykov, Pavel"]
[Result "1/2-1/2"]
[WhiteTitle "WIM"]
[WhiteElo "2073"]
[BlackElo "1788"]
[WhiteFideId "1121952"]
[BlackFideId "24299278"]
[EventDate "2020.05.26"]

1. e4 c5 2. Nf3 Nc6 3. d4 cxd4 4. Nxd4 Nf6 5. Nc3 e5 6. Ndb5 d6 7. Bg5 a6 8. Na3
b5 9. Nd5 Be7 10. Bxf6 Bxf6 11. c3 O-O 12. Nc2 Rb8 13. Bd3 Bg5 14. O-O Be6 15.
Nce3 Bxe3 16. Nxe3 Ne7 17. Qe2 Qb6 18. Rfd1 Rbd8 19. a4 Bb3 20. Bc2 bxa4 21.
Bxb3 Qxb3 22. Qxa6 Qxb2 23. Qa7 Ng6 24. Qxa4 Qxc3 25. Rac1 Qb2 26. Rb1 Qc3 27.
Rbc1 Qb2 28. Rb1 Qc3 29. Rbc1 1/2-1/2

[Event "Euro Online U2300 Day 2"]
[Site "chess.com INT"]
[Date "2020.05.26"]
[Round "7"]
[White "Gasimov, Parviz"]
[Black "Hulka, Valentyn"]
[Result "1-0"]
[WhiteTitle "FM"]
[WhiteElo "2337"]
[BlackElo "1892"]
[WhiteFideId "13408798"]
[BlackFideId "34107061"]
[EventDate "2020.05.26"]

1. e4 c5 2. Nf3 e6 3. d4 cxd4 4. Nxd4 a6 5. Bd3 Nf6 6. O-O Qc7 7. Qe2 Nc6 8.
Nxc6 bxc6 9. e5 Nd5 10. a3 Be7 11. c4 Nb6 12. Nc3 f5 13. exf6 Bxf6 14. Qh5+ Kf8
15. Ne4 Qe5 16. Nxf6 gxf6 17. Qh6+ Kg8 18. Bf4 Qd4 19. Rad1 Qxb2 20. Bxh7+ Rxh7
21. Qg6+ Rg7 22. Qe8+ Kh7 23. Rd3 Qb3 24. Rxb3 1-0

[Event "Euro Online U2300 Day 2"]
[Site "chess.com INT"]
[Date "2020.05.26"]
[Round "7"]
[White "Kamer, Kayra"]
[Black "Mladek, Richard"]
[Result "1-0"]
[WhiteTitle "FM"]
[BlackTitle "FM"]
[WhiteElo "2325"]
[BlackElo "2280"]
[WhiteFideId "6367879"]
[BlackFideId "386588"]
[EventDate "2020.05.26"]

1. e4 c5 2. Nf3 d6 3. d4 cxd4 4. Nxd4 Nf6 5. Nc3 a6 6. Be2 e5 7. Nb3 Be7 8. Be3
O-O 9. g4 Be6 10. g5 Ne8 11. Qd2 a5 12. a4 Na6 13. Nd5 Bxd5 14. exd5 f5 15. f4
Rc8 16. Nxa5 exf4 17. Bxf4 Nc5 18. Bf3 Ne4 19. Bxe4 fxe4 20. O-O Qb6+ 21. Be3
Rxf1+ 22. Rxf1 Bxg5 23. Rf8+ 1-0

[Event "Euro Online U2300 Day 2"]
[Site "chess.com INT"]
[Date "2020.05.26"]
[Round "7"]
[White "Budrewicz, Krzysztof"]
[Black "Ibrahimli, Murad"]
[Result "0-1"]
[BlackTitle "IM"]
[WhiteElo "2227"]
[BlackElo "2436"]
[WhiteFideId "1127950"]
[BlackFideId "13410229"]
[EventDate "2020.05.26"]

1. d4 Nf6 2. c4 e6 3. Nf3 d5 4. Nc3 Be7 5. Bf4 O-O 6. e3 c5 7. dxc5 Bxc5 8. Qc2
Nc6 9. a3 Qa5 10. O-O-O Be7 11. h4 a6 12. Ng5 Rd8 13. Bd3 h6 14. Kb1 d4 15. Nce4
e5 16. Bg3 Nxe4 17. Bxe4 hxg5 18. hxg5 Bxg5 19. Bd5 Rxd5 20. cxd5 Qxd5 21. Qh7+
Kf8 22. Qh8+ Ke7 23. Qxg7 Bf5+ 24. Ka1 Bf6 25. Bh4 Bxh4 26. Rxh4 Be6 27. Qg5+
Kd7 28. Kb1 Qa2+ 29. Kc1 Rc8 30. Kd2 Qxb2+ 31. Ke1 Bc4 32. exd4 Qe2# 0-1

[Event "Euro Online U2300 Day 2"]
[Site "chess.com INT"]
[Date "2020.05.26"]
[Round "7"]
[White "Slizunkov, Dmitry"]
[Black "Salna, Aleksandras"]
[Result "0-1"]
[WhiteElo "2120"]
[BlackElo "2063"]
[WhiteFideId "34185949"]
[BlackFideId "12807575"]
[EventDate "2020.05.26"]

1. c4 c6 2. d4 d5 3. Nf3 Nf6 4. e3 e6 5. Bd3 Nbd7 6. Nbd2 dxc4 7. Nxc4 c5 8. O-O
Be7 9. b3 b6 10. Bb2 Bb7 11. Qe2 cxd4 12. Bxd4 O-O 13. Rfd1 Nd5 14. Nfe5 Nxe5
15. Nxe5 Bf6 16. Rac1 Qe7 17. Ba6 Rac8 18. h3 Rxc1 19. Rxc1 Qa3 20. Bxb7 Qxc1+
21. Kh2 Qc7 0-1

[Event "Euro Online U2300 Day 2"]
[Site "chess.com INT"]
[Date "2020.05.26"]
[Round "7"]
[White "Eren, Ataberk"]
[Black "Godzwon, Iwo"]
[Result "0-1"]
[WhiteTitle "FM"]
[BlackTitle "FM"]
[WhiteElo "2321"]
[BlackElo "2347"]
[WhiteFideId "6349765"]
[BlackFideId "21802483"]
[EventDate "2020.05.26"]

1. d4 Nf6 2. Bf4 g6 3. Nf3 Bg7 4. e3 O-O 5. h3 d6 6. Be2 b6 7. O-O Bb7 8. c4
Nbd7 9. Nc3 Re8 10. Bh2 e5 11. Rc1 Ne4 12. Nxe4 Bxe4 13. d5 Bxf3 14. Bxf3 e4 15.
Be2 Bxb2 16. Rb1 Bg7 17. Qc2 Nc5 18. Rfd1 a5 19. Kh1 Qd7 20. Bf4 Qa4 21. Qd2 Qd7
22. Qc2 Be5 23. Bxe5 Rxe5 24. Rd4 Qe7 25. Rf1 h5 26. Rdd1 Rf5 27. Kg1 Re8 28.
Qb2 Qh4 29. Rd4 Qf6 30. Qc2 Ree5 31. a3 Qe7 32. Qb2 Rf6 33. Qc2 Ref5 34. Qb1 Qd7
35. h4 Qa4 36. Qb2 Qb3 37. Qc1 Qa4 38. Bd1 Qe8 39. Bc2 g5 40. hxg5 Rxg5 41. Qb1
Rfg6 42. g3 f5 0-1

[Event "Euro Online U2300 Day 2"]
[Site "chess.com INT"]
[Date "2020.05.26"]
[Round "7"]
[White "Radosevic, Nenad"]
[Black "Timoshin, Andrei"]
[Result "0-1"]
[WhiteElo "2157"]
[BlackElo "2132"]
[WhiteFideId "906395"]
[BlackFideId "4503503"]
[EventDate "2020.05.26"]

1. d4 d5 2. Nf3 Nf6 3. c4 e6 4. Nc3 c5 5. cxd5 exd5 6. g3 Nc6 7. Bg2 Be7 8. O-O
O-O 9. h3 h6 10. Be3 c4 11. Ne5 Re8 12. f4 Bb4 13. Kh2 Bf5 14. g4 Bxc3 15. bxc3
Be4 16. Bxe4 Nxe4 17. Qc2 f6 18. Nxc6 bxc6 19. Rf3 Rb8 20. Rb1 Rxb1 21. Qxb1
Nxc3 22. Qg6 Qd7 23. f5 Qf7 24. Bxh6 Qxg6 25. fxg6 Nxe2 26. Be3 c3 27. g5 c2 28.
gxf6 gxf6 29. Bh6 c1=Q 30. Bxc1 Nxc1 31. Rxf6 Rc8 32. h4 Kg7 33. Rd6 Nxa2 34. h5
Rc7 35. Kh3 Nc3 36. Kg4 a5 37. Rd8 Ra7 38. Rc8 a4 39. Rxc6 Ne4 40. Rc8 a3 41.
Rd8 a2 42. Kf5 a1=Q 43. h6+ Kxh6 44. Rh8+ Kg7 45. Rh7+ Kg8 0-1

[Event "Euro Online U2300 Day 2"]
[Site "chess.com INT"]
[Date "2020.05.26"]
[Round "7"]
[White "Giannoulakis, Lampros"]
[Black "Sudakova, Irina"]
[Result "1-0"]
[WhiteTitle "FM"]
[BlackTitle "WGM"]
[WhiteElo "2293"]
[BlackElo "2288"]
[WhiteFideId "4247019"]
[BlackFideId "4129903"]
[EventDate "2020.05.26"]

1. d4 d5 2. c4 e6 3. Nc3 c6 4. cxd5 exd5 5. Bf4 Bd6 6. Bxd6 Qxd6 7. e3 Bf5 8.
Bd3 Bxd3 9. Qxd3 Nf6 10. Nge2 O-O 11. O-O Nbd7 12. Rad1 Rfe8 13. Ng3 h5 14. f3
h4 15. Nf5 Qe6 16. Rde1 h3 17. e4 hxg2 18. Kxg2 Nh5 19. Kh1 g6 20. Nh6+ Kg7 21.
Ng4 f5 22. Nf2 Ndf6 23. e5 Nd7 24. Rg1 Rh8 25. Ne2 Rh6 26. Rg2 Rah8 27. Reg1 c5
28. Nh3 c4 29. Qc2 Qe7 30. Qxf5 Nf8 31. Qc2 Ng3+ 32. Nxg3 Rxh3 33. Nf5+ 1-0

[Event "Euro Online U2300 Day 2"]
[Site "chess.com INT"]
[Date "2020.05.26"]
[Round "7"]
[White "Olsen, Filip Boe"]
[Black "Schekachikhin, Maksim"]
[Result "0-1"]
[WhiteTitle "IM"]
[BlackTitle "IM"]
[WhiteElo "2353"]
[BlackElo "2406"]
[WhiteFideId "1440640"]
[BlackFideId "24177830"]
[EventDate "2020.05.26"]

1. d4 d5 2. c4 e6 3. Nc3 a6 4. cxd5 exd5 5. Bf4 c6 6. e3 Bd6 7. Bg3 Bf5 8. Nf3
Nf6 9. Bd3 Bxd3 10. Qxd3 O-O 11. Ne5 Re8 12. f4 Nbd7 13. O-O-O Bb4 14. Bh4 Qa5
15. a3 Bxc3 16. Qxc3 Qxc3+ 17. bxc3 Nxe5 18. fxe5 Ne4 19. Kb2 b5 20. Rhf1 a5 21.
Rf3 a4 22. g4 g5 23. Bg3 Kg7 24. Rdf1 Ra7 25. Rf5 Re6 26. Be1 f6 27. Bg3 Nxg3
28. hxg3 Rf7 29. exf6+ Kg6 30. Kc2 Rxe3 31. Re5 Rxg3 32. Re7 Rxg4 33. Rh1 Rxe7
34. fxe7 Re4 0-1

[Event "Euro Online U2300 Day 2"]
[Site "chess.com INT"]
[Date "2020.05.26"]
[Round "7"]
[White "Curtacci, Sergio"]
[Black "Yanev, Pavel"]
[Result "0-1"]
[WhiteElo "2038"]
[BlackElo "2267"]
[WhiteFideId "858048"]
[BlackFideId "2910756"]
[EventDate "2020.05.26"]

1. d4 Nf6 2. Nf3 b6 3. Bf4 Bb7 4. e3 g6 5. Nbd2 Bg7 6. h3 O-O 7. Be2 d6 8. O-O
Nbd7 9. c3 e6 10. Qc2 Qe7 11. e4 e5 12. dxe5 dxe5 13. Bh2 Nh5 14. Rfe1 Nf4 15.
Bf1 Rad8 16. Nc4 Nc5 17. Rad1 Rxd1 18. Rxd1 Bxe4 19. Qc1 Bh6 20. Ne3 Nxh3+ 21.
gxh3 Bxf3 22. Nd5 Qh4 23. Ne7+ Kh8 24. Bxe5+ f6 25. Rd4 Bxc1 26. Rxh4 Kg7 27.
Bxc7 Rf7 28. Bd6 Ne4 29. Ba3 Bg5 30. Rg4 Bxg4 31. hxg4 f5 32. Nc6 fxg4 33. Bc4
Rxf2 34. Bd5 Re2 35. Nd4 Be3+ 36. Kf1 Ng3# 0-1

[Event "Euro Online U2300 Day 2"]
[Site "chess.com INT"]
[Date "2020.05.26"]
[Round "7"]
[White "Peycheva, Gergana"]
[Black "Levin, Guy"]
[Result "1/2-1/2"]
[WhiteTitle "FM"]
[WhiteElo "2255"]
[BlackElo "2213"]
[WhiteFideId "2916711"]
[BlackFideId "2824213"]
[EventDate "2020.05.26"]

1. d4 Nf6 2. c4 g6 3. Nc3 d5 4. cxd5 Nxd5 5. e4 Nxc3 6. bxc3 Bg7 7. Nf3 c5 8.
Be3 Qa5 9. Qd2 Bg4 10. Rc1 O-O 11. Bd3 Bxf3 12. gxf3 Rd8 13. d5 e6 14. c4 Qxd2+
15. Kxd2 Nd7 16. f4 Bd4 17. Bxd4 cxd4 18. h4 e5 19. fxe5 Nxe5 20. f4 Nd7 21. h5
Nc5 22. hxg6 hxg6 23. Rh3 Kg7 24. Rch1 Rh8 1/2-1/2